LIBRARY & INFORMATION CENTRE, KCAET, TAVANUR

ONLINE PUBLIC ACCESS CATALOGUE (OPAC)

Islamic society and the west : Study of the impact of western civilization on muslim culture in the near East / (Record no. 1699)

MARC details
000 -LEADER
fixed length control field 00482cam a2200157ua 4500
041 ## - LANGUAGE CODE
Language code of text/sound track or separate title eng
082 ## - DEWEY DECIMAL CLASSIFICATION NUMBER
Classification number 297
Item number GIB/IS
100 ## - MAIN ENTRY--AUTHOR NAME
Personal name Gibb, Hamilton .
245 ## - TITLE STATEMENT
Title Islamic society and the west : Study of the impact of western civilization on muslim culture in the near East /
260 ## - PUBLICATION, DISTRIBUTION, ETC. (IMPRINT)
Place of publication London :
Name of publisher Oxford University Press ,
Year of publication 1963.
300 ## - PHYSICAL DESCRIPTION
Number of Pages 386 ; .
700 1# - ADDED ENTRY--PERSONAL NAME
Personal name Bowen, Harold .
942 ## - ADDED ENTRY ELEMENTS (KOHA)
Koha item type Books
Holdings
Withdrawn status Lost status Damaged status Home library Current library Date acquired Full call number Accession Number Koha item type
Withdrawn     KAUAET KAUAET 07/04/2012 297 6141 Books
free website counter